[Event "First Saturday GM Dec 2013"]
[Site "Budapest"]
[Date "2013.12.14"]
[Round "7.1"]
[White "Fodor, Tamas Jr"]
[Black "Farago, Ivan"]
[Result "1/2-1/2"]
[WhiteElo "2461"]
[BlackElo "2476"]
[PlyCount "30"]
[EventDate "2013.12.07"]

1. Nf3 Nf6 2. g3 d5 3. Bg2 c6 4. O-O Bf5 5. d3 e6 6. b3 Be7 7. Bb2 O-O 8. Nbd2
h6 9. c4 a5 10. a3 Nbd7 11. Rc1 Bd6 12. Rc2 Qe7 13. Qa1 Bh7 14. Rfc1 Rfe8 15.
h3 Rad8 1/2-1/2

[Event "First Saturday GM Dec 2013"]
[Site "Budapest"]
[Date "2013.12.14"]
[Round "7.2"]
[White "Kosic, Dragan"]
[Black "Nakhbayeva, Guliskhan"]
[Result "1-0"]
[WhiteElo "2515"]
[BlackElo "2277"]
[PlyCount "69"]
[EventDate "2013.12.07"]

1. d4 Nf6 2. Nf3 d5 3. c4 e6 4. Nc3 Bb4 5. Bg5 h6 6. Bxf6 Qxf6 7. e3 O-O 8. Rc1
dxc4 9. Bxc4 c5 10. O-O cxd4 11. exd4 Nc6 12. Ne4 Qf5 13. Qe2 Bd7 14. a3 Be7
15. Rfd1 Rfd8 16. Bd3 Qa5 17. Nc5 Qb6 18. b4 a6 19. Qe4 g6 20. Qe3 Bf8 21. Bxg6
Bg7 22. Bb1 a5 23. b5 Qxb5 24. Bd3 Qb6 25. Rb1 Qc7 26. Rxb7 Qd6 27. Ne4 Qf8 28.
Bc2 a4 29. Ng3 Ra5 30. Qc3 Qd6 31. Ne5 Be8 32. Nxc6 Bxc6 33. Rb6 Bxd4 34. Rxc6
Qe5 35. Qf3 1-0

[Event "First Saturday GM Dec 2013"]
[Site "Budapest"]
[Date "2013.12.14"]
[Round "7.3"]
[White "Hujbert, Florian"]
[Black "Maksimovic, Branimir"]
[Result "1-0"]
[WhiteElo "2454"]
[BlackElo "2398"]
[PlyCount "155"]
[EventDate "2013.12.07"]

1. e4 e6 2. d4 d5 3. Nd2 c5 4. Ngf3 Nc6 5. Bb5 a6 6. exd5 axb5 7. dxc6 Nf6 8.
dxc5 Bxc5 9. O-O bxc6 10. Qe2 O-O 11. Nb3 Be7 12. Ne5 Bb7 13. Rd1 Nd5 14. Be3
Qc7 15. Bc5 Rfe8 16. Bxe7 Qxe7 17. Nd3 e5 18. Ndc5 Bc8 19. Re1 Bf5 20. g3 Qd6
21. c4 bxc4 22. Qxc4 Qg6 23. Nd2 Rab8 24. Nf3 Qf6 25. Qc1 h6 26. Nd2 Qg6 27. a3
Bg4 28. f3 Bf5 29. b4 h5 30. Nde4 Bxe4 31. fxe4 Nf4 32. Kh1 Ne6 33. Nd7 Rbd8
34. Qxc6 f6 35. Rad1 Nd4 36. Nxe5 Rxe5 37. Qc4+ Kh7 38. Rxd4 Rde8 39. Rd5 Qg4
40. Qd3 h4 41. Rxe5 Rxe5 42. Qe2 Qd7 43. gxh4 Qh3 44. Qe3 Qxh4 45. Qg3 Qh5 46.
a4 Qe8 47. b5 Qa8 48. Qh3+ Kg8 49. Qb3+ Kh7 50. b6 Qb7 51. Qb4 f5 52. Qd4 Re6
53. a5 fxe4 54. Re3 Qa6 55. Rh3+ Kg8 56. Rg3 Re7 57. Qd8+ Kh7 58. Rg1 Qe2 59.
Qd1 Qb5 60. Qb1 Qh5 61. Rf1 Qe2 62. Qd1 Qb5 63. Qb1 Qe2 64. Qe1 Qb5 65. Rf4 g5
66. Qf1 Qxa5 67. Rf5 Qxb6 68. Rxg5 Qe6 69. Qf4 e3 70. Qh4+ Qh6 71. Rh5 Qxh5 72.
Qxh5+ Kg7 73. Qe2 Kg6 74. Kg2 Kg7 75. Kf1 Kf7 76. Qh5+ Kg7 77. Qg5+ Kf7 78. Ke2
1-0

[Event "First Saturday GM Dec 2013"]
[Site "Budapest"]
[Date "2013.12.14"]
[Round "7.4"]
[White "Sean, Winshand Cuhendi"]
[Black "Petre, Nad-Titus"]
[Result "1/2-1/2"]
[WhiteElo "2344"]
[BlackElo "2364"]
[PlyCount "81"]
[EventDate "2013.12.07"]

1. e4 e5 2. Nf3 d6 3. Bc4 Be7 4. d4 exd4 5. Nxd4 Nf6 6. Nc3 O-O 7. O-O Re8 8.
Bg5 Nbd7 9. f4 Nb6 10. Bd3 h6 11. Bh4 c5 12. Nf3 c4 13. Be2 d5 14. exd5 Nfxd5
15. Bxe7 Nxe7 16. Qxd8 Rxd8 17. Rad1 Bd7 18. Kf2 Kf8 19. Rd2 Nc6 20. Rfd1 Ke7
21. h3 Be6 22. g4 g6 23. Nd4 Nxd4 24. Rxd4 Rxd4 25. Rxd4 Rc8 26. Bf3 Rc7 27.
Kg3 a6 28. h4 f5 29. g5 h5 30. Kf2 Nc8 31. Nd5+ Bxd5 32. Rxd5 Nb6 33. Re5+ Kd7
34. b3 cxb3 35. cxb3 Nc8 36. Bd5 Kd6 37. Bc4 Re7 38. Rxe7 Nxe7 39. Bf7 Kc5 40.
Ke3 Nd5+ 41. Kf3 1/2-1/2

[Event "First Saturday GM Dec 2013"]
[Site "Budapest"]
[Date "2013.12.14"]
[Round "7.5"]
[White "Arngrimsson, Dagur"]
[Black "Korpa, Bence"]
[Result "0-1"]
[WhiteElo "2378"]
[BlackElo "2356"]
[PlyCount "84"]
[EventDate "2013.12.07"]

1. d4 d5 2. c4 c6 3. Nf3 Nf6 4. e3 Bf5 5. Nc3 e6 6. Nh4 Be4 7. f3 Bg6 8. Qb3
Qc7 9. Bd2 Be7 10. Nxg6 hxg6 11. Rc1 Nbd7 12. cxd5 exd5 13. g3 Nb6 14. Kf2 Qd7
15. Bd3 O-O 16. Ne2 Rfe8 17. h4 Nc8 18. Qc2 Nd6 19. Nf4 Rac8 20. Qb1 c5 21.
Rcg1 cxd4 22. exd4 Bd8 23. h5 g5 24. h6 Bb6 25. Bc3 Qa4 26. Ne2 g4 27. hxg7
gxf3 28. Qc1 Rxe2+ 29. Kxf3 Rf2+ 30. Kxf2 Nde4+ 31. Bxe4 Nxe4+ 32. Kf3 Rc6 33.
Rh6 Kxg7 34. Rgh1 Bc7 35. Rh8 Rg6 36. R1h7+ Kf6 37. Rh6 Qa6 38. Rxg6+ fxg6 39.
Ke3 Bxg3 40. Qf1+ Bf2+ 41. Qxf2+ Nxf2 42. Rf8+ Kg7 0-1

[Event "First Saturday GM Dec 2013"]
[Site "Budapest"]
[Date "2013.12.15"]
[Round "8.1"]
[White "Farago, Ivan"]
[Black "Korpa, Bence"]
[Result "1/2-1/2"]
[WhiteElo "2476"]
[BlackElo "2356"]
[PlyCount "21"]
[EventDate "2013.12.07"]

1. d4 d5 2. c4 c6 3. Nc3 Nf6 4. e3 a6 5. Qc2 e6 6. Nf3 c5 7. cxd5 exd5 8. Be2
Be6 9. O-O Nc6 10. dxc5 Bxc5 11. Rd1 1/2-1/2

[Event "First Saturday GM Dec 2013"]
[Site "Budapest"]
[Date "2013.12.15"]
[Round "8.2"]
[White "Petre, Nad-Titus"]
[Black "Arngrimsson, Dagur"]
[Result "1/2-1/2"]
[WhiteElo "2364"]
[BlackElo "2378"]
[PlyCount "33"]
[EventDate "2013.12.07"]

1. c4 f5 2. g3 Nf6 3. Bg2 g6 4. Nc3 Bg7 5. d3 O-O 6. e4 fxe4 7. dxe4 e5 8. Nge2
d6 9. O-O Be6 10. Nd5 Qd7 11. Bg5 Ne8 12. b3 c5 13. Qc1 Nc6 14. Qa3 h6 15. Bd2
Nf6 16. Rad1 Kh7 17. f3 1/2-1/2

[Event "First Saturday GM Dec 2013"]
[Site "Budapest"]
[Date "2013.12.15"]
[Round "8.4"]
[White "Nakhbayeva, Guliskhan"]
[Black "Hujbert, Florian"]
[Result "1-0"]
[WhiteElo "2277"]
[BlackElo "2454"]
[PlyCount "77"]
[EventDate "2013.12.07"]

1. d4 g6 2. c4 Bg7 3. e4 d6 4. Nc3 Nc6 5. Nge2 e5 6. Be3 exd4 7. Nxd4 Nge7 8.
Be2 O-O 9. O-O f5 10. exf5 Bxd4 11. Bxd4 Nxf5 12. Be3 Nxe3 13. fxe3 Be6 14. Qd2
Qg5 15. b3 Ne5 16. Rf4 Rf7 17. Raf1 Raf8 18. Nb5 Qe7 19. Qa5 c6 20. Nc3 b6 21.
Qa3 g5 22. Rxf7 Rxf7 23. Rd1 c5 24. Qb2 Bf5 25. Qd2 g4 26. e4 Bg6 27. Qxd6 Kg7
28. Qd2 Qh4 29. Qe3 h5 30. Nd5 Nc6 31. e5 Rf5 32. e6 Re5 33. Qc3 Nd4 34. Nf4
Qf6 35. Rxd4 cxd4 36. Qxd4 Re4 37. Nxh5+ Bxh5 38. Qxe4 g3 39. hxg3 1-0

[Event "First Saturday GM Dec 2013"]
[Site "Budapest"]
[Date "2013.12.15"]
[Round "8.5"]
[White "Fodor, Tamas Jr"]
[Black "Kosic, Dragan"]
[Result "1/2-1/2"]
[WhiteElo "2461"]
[BlackElo "2515"]
[PlyCount "31"]
[EventDate "2013.12.07"]

1. Nf3 Nf6 2. c4 c5 3. g3 g6 4. Bg2 Bg7 5. Nc3 O-O 6. O-O d6 7. d3 Nc6 8. Bg5
h6 9. Bd2 Kh7 10. a3 Bd7 11. Rb1 Rb8 12. b4 b6 13. b5 Nd4 14. Nxd4 cxd4 15. Ne4
Nxe4 16. Bxe4 1/2-1/2

[Event "First Saturday GM Dec 2013"]
[Site "Budapest"]
[Date "2013.12.16"]
[Round "9.1"]
[White "Kosic, Dragan"]
[Black "Farago, Ivan"]
[Result "1/2-1/2"]
[WhiteElo "2515"]
[BlackElo "2476"]
[PlyCount "30"]
[EventDate "2013.12.07"]

1. e4 c5 2. Nf3 e6 3. d4 cxd4 4. Nxd4 a6 5. Bd3 Nf6 6. O-O Qc7 7. Qe2 d6 8. c4
Be7 9. Nc3 Nbd7 10. Be3 O-O 11. Rac1 b6 12. f3 Bb7 13. Rfd1 Rac8 14. b4 Rfe8
15. Nb3 Bf8 1/2-1/2

[Event "First Saturday GM Dec 2013"]
[Site "Budapest"]
[Date "2013.12.16"]
[Round "9.4"]
[White "Arngrimsson, Dagur"]
[Black "Maksimovic, Branimir"]
[Result "1/2-1/2"]
[WhiteElo "2378"]
[BlackElo "2398"]
[PlyCount "181"]
[EventDate "2013.12.07"]

1. d4 e6 2. c4 Bb4+ 3. Bd2 a5 4. Nf3 Nf6 5. Nc3 b6 6. e3 Bb7 7. Bd3 O-O 8. Qc2
d5 9. cxd5 exd5 10. O-O Re8 11. Ne5 c5 12. a3 Bxc3 13. bxc3 Ba6 14. Rab1 Bxd3
15. Qxd3 c4 16. Qf5 Re6 17. f3 Nc6 18. Nxc6 Rxc6 19. e4 Qc8 20. Qxc8+ Raxc8 21.
Rfe1 h6 22. Rb5 dxe4 23. fxe4 Re8 24. e5 Nd7 25. Bf4 Rce6 26. Reb1 R6e7 27. d5
Kh7 28. Rd1 Rc8 29. Rd4 Ree8 30. Bg3 Nxe5 31. Rxb6 f6 32. Rb7 h5 33. h3 Kg6 34.
Rb5 a4 35. Rb4 Red8 36. Rxa4 Rc5 37. d6 Rd7 38. Kf2 Kf5 39. Bxe5 fxe5 40. Rdxc4
Rxc4 41. Rxc4 Rxd6 42. Ke3 Rd1 43. Rc8 Re1+ 44. Kf3 Rf1+ 45. Ke3 Re1+ 46. Kd3
Rg1 47. Rf8+ Ke6 48. Re8+ Kd6 49. Kc4 Rxg2 50. a4 g5 51. Rh8 g4 52. Rh6+ Kc7
53. Rxh5 gxh3 54. Rxh3 Ra2 55. Kb5 e4 56. Re3 Rh2 57. Rxe4 Rh5+ 58. Kb4 Kc6 59.
Re6+ Kb7 60. c4 Rg5 61. a5 Rh5 62. Rd6 Rg5 63. Rd5 Rg1 64. Kb5 Rb1+ 65. Kc5 Ra1
66. Kd6 Rh1 67. Rb5+ Ka6 68. Re5 Rd1+ 69. Kc7 Rh1 70. Rd5 Rh4 71. c5 Kxa5 72.
c6+ Ka6 73. Rd1 Rh7+ 74. Kd6 Rh6+ 75. Kc5 Rh5+ 76. Rd5 Rh1 77. Rd8 Rh5+ 78. Kd6
Rh6+ 79. Kc7 Rh7+ 80. Rd7 Rh8 81. Re7 Ka7 82. Re2 Rh7+ 83. Kd6 Rh6+ 84. Kd7
Rh7+ 85. Re7 Rh8 86. Kd6+ Kb8 87. Kd7 Rf8 88. Rh7 Rg8 89. Kd6 Kc8 90. Ra7 Rg6+
91. Kc5 1/2-1/2

[Event "First Saturday GM Dec 2013"]
[Site "Budapest"]
[Date "2013.12.16"]
[Round "9.5"]
[White "Korpa, Bence"]
[Black "Petre, Nad-Titus"]
[Result "*"]
[WhiteElo "2356"]
[BlackElo "2364"]
[PlyCount "42"]
[EventDate "2013.12.07"]

1. d4 d5 2. c4 e6 3. Nc3 Be7 4. Nf3 Nf6 5. Bg5 O-O 6. e3 h6 7. Bh4 b6 8. Be2
Bb7 9. Bxf6 Bxf6 10. cxd5 exd5 11. b4 c5 12. bxc5 bxc5 13. Rb1 Bc8 14. O-O Nc6
15. Rc1 cxd4 16. Nb5 Qb6 17. Nbxd4 Nxd4 18. Nxd4 Bxd4 19. Qxd4 Qxd4 20. exd4
Rb8 21. Bf3 Be6 *